[Event "XLI Gold Cup"]
[Site "Merano - Meran ITA"]
[Date "2013.04.19"]
[Round "1"]
[White "Achenbach, Manfred"]
[Black "Koch, Dieter"]
[Result "1-0"]
[WhiteElo "2147"]
[BlackElo "1817"]
[PlyCount "83"]
[EventDate "2013.04.19"]

1. Nf3 d6 2. d4 Nf6 3. g3 Nbd7 4. Bg2 c6 5. c4 Qa5+ 6. Bd2 Qh5 7. h3 g5 8. Nc3
Qg6 9. Nxg5 h6 10. Nf3 e5 11. Nh4 Qh7 12. d5 c5 13. Qb1 Qxb1+ 14. Rxb1 a6 15.
O-O Nb6 16. b3 Be7 17. a4 Bd7 18. a5 Nc8 19. b4 b6 20. bxc5 bxc5 21. Kh2 Bd8
22. f4 exf4 23. Rxf4 Nh5 24. Re4+ Kf8 25. Rb7 Ra7 26. Rb8 f5 27. Ng6+ Kg7 28.
Nxh8 fxe4 29. Nxe4 Kxh8 30. Bc3+ Kh7 31. Bf3 Ng7 32. g4 Bg5 33. Kg3 Kg6 34. h4
Be7 35. h5+ Kf7 36. Kg2 Ne8 37. Rb1 Bf6 38. Nxf6 Nxf6 39. Rf1 Kg7 40. Be4 Bxg4
41. Rxf6 Bxh5 42. Rf5+ 1-0

[Event "XLI Gold Cup"]
[Site "Merano - Meran ITA"]
[Date "2013.04.19"]
[Round "1"]
[White "Fleischer, Birgit"]
[Black "Kargoll, Peter"]
[Result "0-1"]
[WhiteElo "1900"]
[BlackElo "2210"]
[PlyCount "48"]
[EventDate "2013.04.19"]

1. e4 e6 2. d4 d5 3. exd5 exd5 4. Bd3 c5 5. c3 Bd6 6. Nf3 Bg4 7. h3 Bh5 8. Be3
c4 9. Bc2 Nc6 10. O-O Nge7 11. Nbd2 h6 12. b3 b5 13. a4 cxb3 14. Bxb3 a6 15.
axb5 axb5 16. Qe2 Ra5 17. Rxa5 Qxa5 18. Bxd5 Nxd5 19. Bf4+ Be7 20. Qe4 Qd8 21.
Ne5 Nxe5 22. Qxe5 Nxf4 23. Qxb5+ Kf8 24. g3 Be2 0-1

[Event "XLI Gold Cup"]
[Site "Merano - Meran ITA"]
[Date "2013.04.19"]
[Round "1"]
[White "Herrmann, Matthias"]
[Black "Graf, Joachim"]
[Result "0-1"]
[WhiteElo "1555"]
[BlackElo "2103"]
[PlyCount "20"]
[EventDate "2013.04.19"]

1. f4 d5 2. Nf3 Nf6 3. e3 g6 4. b3 Bg7 5. Bb2 O-O 6. Be2 c5 7. O-O d4 8. Bc4
Nc6 9. a4 Nd5 10. Qe2 d3 0-1

[Event "XLI Gold Cup"]
[Site "Merano - Meran ITA"]
[Date "2013.04.19"]
[Round "1"]
[White "Krieger, Hermann"]
[Black "Reinke, Kurt"]
[Result "1-0"]
[WhiteElo "2263"]
[BlackElo "1912"]
[PlyCount "47"]
[EventDate "2013.04.19"]

1. e4 c5 2. Nf3 d6 3. d4 cxd4 4. Nxd4 Nf6 5. Nc3 a6 6. Be3 Ng4 7. Bg5 h6 8. Bh4
g5 9. Bg3 Bg7 10. f3 Qb6 11. Nd5 Qxd4 12. Qxd4 Bxd4 13. Nc7+ Kd8 14. Nxa8 Bxb2
15. Rb1 Bc3+ 16. Ke2 b5 17. fxg4 Bxg4+ 18. Kd3 Ba5 19. a4 Nc6 20. axb5 Nb4+ 21.
Kd2 Nd5+ 22. Kc1 Kd7 23. exd5 Rxa8 24. bxa6 1-0

[Event "XLI Gold Cup"]
[Site "Merano - Meran ITA"]
[Date "2013.04.19"]
[Round "1"]
[White "Mahrla, Hans"]
[Black "Wempe, Juergen"]
[Result "0-1"]
[WhiteElo "1821"]
[BlackElo "2148"]
[PlyCount "40"]
[EventDate "2013.04.19"]

1. e4 c6 2. d4 g6 3. Bd3 Bg7 4. c3 d5 5. exd5 Qxd5 6. Nf3 Bg4 7. Nbd2 Nf6 8.
Qc2 Nbd7 9. O-O O-O 10. Re1 Rfe8 11. Ne5 e6 12. Nxg4 Nxg4 13. Bc4 Qd6 14. g3 c5
15. Ne4 Qb6 16. h3 Ngf6 17. dxc5 Nxc5 18. Be3 Nfxe4 19. Qxe4 Nxe4 20. Bxb6 Nd6
0-1

[Event "XLI Gold Cup"]
[Site "Merano - Meran ITA"]
[Date "2013.04.19"]
[Round "1"]
[White "Neumann, Han H.W.M."]
[Black "Kumeth, Hartmut"]
[Result "1-0"]
[WhiteElo "2098"]
[BlackElo "1793"]
[PlyCount "53"]
[EventDate "2013.04.19"]

1. Nf3 d5 2. c4 e6 3. e3 Nf6 4. Nc3 c6 5. d4 Nbd7 6. cxd5 exd5 7. Bd3 Bd6 8.
O-O Qc7 9. Bd2 Nf8 10. Rc1 a6 11. e4 dxe4 12. Re1 Ng6 13. Nxe4 Nxe4 14. Rxe4+
Ne7 15. d5 c5 16. Ng5 Bxh2+ 17. Kh1 Be5 18. f4 Bf6 19. Be3 Bxg5 20. d6 Qc6 21.
fxg5 O-O 22. dxe7 Re8 23. Rxc5 Qd6 24. Qc2 Be6 25. Rd4 Qg3 26. Bxh7+ Kh8 27.
Bf2 1-0

[Event "XLI Gold Cup"]
[Site "Merano - Meran ITA"]
[Date "2013.04.19"]
[Round "1"]
[White "Popa, Claudiu"]
[Black "Borries, Barbara"]
[Result "1-0"]
[WhiteElo "2149"]
[BlackElo "1833"]
[PlyCount "41"]
[EventDate "2013.04.19"]

1. e4 e5 2. Nf3 Nc6 3. d4 exd4 4. Nxd4 Qf6 5. Be3 Bc5 6. c3 Nge7 7. Bc4 Bxd4 8.
cxd4 d6 9. O-O Qg6 10. f3 Bd7 11. Nc3 O-O-O 12. d5 Ne5 13. Bb5 Bxb5 14. Nxb5 a6
15. Nd4 Kb8 16. Rc1 c6 17. dxc6 N5xc6 18. Qb3 Nxd4 19. Bxd4 b5 20. Qa3 Kb7 21.
Qa5 1-0

[Event "XLI Gold Cup"]
[Site "Merano - Meran ITA"]
[Date "2013.04.20"]
[Round "2"]
[White "Boldt, Heinrich"]
[Black "Achenbach, Manfred"]
[Result "0-1"]
[WhiteElo "1929"]
[BlackElo "2147"]
[PlyCount "36"]
[EventDate "2013.04.19"]

1. d4 c5 2. d5 e5 3. c4 d6 4. e4 Be7 5. Ne2 Nd7 6. Nbc3 Ngf6 7. Ng3 Nf8 8. Be2
Ng6 9. Nh5 O-O 10. Bg5 Nxh5 11. Bxe7 Qxe7 12. Bxh5 Qg5 13. g3 Bh3 14. Be2 a6
15. Qd2 Qe7 16. a4 f5 17. Bh5 fxe4 18. Nxe4 Bg2 0-1

[Event "XLI Gold Cup"]
[Site "Merano - Meran ITA"]
[Date "2013.04.20"]
[Round "2"]
[White "Herbold, Manfred"]
[Black "Krieger, Hermann"]
[Result "1/2-1/2"]
[WhiteElo "2084"]
[BlackElo "2263"]
[PlyCount "31"]
[EventDate "2013.04.19"]

1. Nf3 Nf6 2. c4 g6 3. Nc3 c5 4. g3 Nc6 5. Bg2 Bg7 6. O-O d6 7. a3 O-O 8. Rb1
Bf5 9. d3 Qd7 10. b4 cxb4 11. axb4 Bh3 12. b5 Nd8 13. Bg5 Bxg2 14. Kxg2 Ne6 15.
Bxf6 Bxf6 16. Nd5 1/2-1/2

[Event "XLI Gold Cup"]
[Site "Merano - Meran ITA"]
[Date "2013.04.20"]
[Round "2"]
[White "Kelchner, Hans"]
[Black "Spanton, Timothy R."]
[Result "0-1"]
[WhiteElo "2189"]
[BlackElo "2022"]
[PlyCount "76"]
[EventDate "2013.04.19"]

1. d4 d5 2. Bf4 Nf6 3. e3 e6 4. Nd2 Bd6 5. Bg3 Nbd7 6. f4 Ne4 7. Nxe4 dxe4 8.
Nh3 Nf6 9. Bh4 Be7 10. Bxf6 gxf6 11. Bc4 Qd6 12. c3 Bd7 13. Qc2 Qc6 14. Bb3 a5
15. a3 a4 16. Ba2 Rg8 17. O-O-O b5 18. Rhg1 f5 19. Kb1 Qb6 20. g3 O-O-O 21. Nf2
h5 22. Qe2 Rh8 23. Rc1 c5 24. c4 b4 25. axb4 Qxb4 26. Qe1 Kc7 27. Qxb4 cxb4 28.
b3 a3 29. Ka1 Rdg8 30. Bb1 Rg7 31. Bc2 Rhg8 32. Rg2 h4 33. Rcg1 Bc6 34. Ka2 Bf6
35. g4 Bxd4 36. exd4 e3 37. Nd1 Bxg2 38. Rxg2 Rxg4 0-1

[Event "XLI Gold Cup"]
[Site "Merano - Meran ITA"]
[Date "2013.04.20"]
[Round "2"]
[White "Koch, Dieter"]
[Black "Schleime, Franz-Josef"]
[Result "1/2-1/2"]
[WhiteElo "1817"]
[BlackElo "1751"]
[PlyCount "98"]
[EventDate "2013.04.19"]

1. d4 Nf6 2. e3 g6 3. Be2 Bg7 4. Nc3 d5 5. Bf3 Bf5 6. a3 c6 7. Bd2 Nbd7 8. g4
Be4 9. g5 Bxf3 10. Qxf3 Nh5 11. Nge2 e5 12. Qg2 exd4 13. exd4 Qc7 14. O-O-O
O-O-O 15. Be3 Rhe8 16. Rd3 Nb6 17. b3 Qd6 18. Kb2 Nd7 19. Ng3 Nf4 20. Bxf4 Qxf4
21. Nge2 Qd6 22. Qf3 f5 23. Ra1 Re7 24. h4 Rde8 25. Rad1 Qc7 26. Ka2 Nf8 27.
Nxd5 Qd6 28. Nxe7+ Rxe7 29. Re3 Ne6 30. d5 c5 31. c4 h6 32. Rdd3 Nd4 33. Nxd4
Bxd4 34. Rxe7 Qxe7 35. Qd1 hxg5 36. hxg5 f4 37. Rxd4 cxd4 38. Qg4+ Kd8 39. Qxf4
Qe2+ 40. Kb1 Qd1+ 41. Kb2 Qe2+ 42. Kb1 Qd1+ 43. Qc1 Qxb3+ 44. Qb2 Qd1+ 45. Ka2
Kc7 46. c5 Qd3 47. f3 Qc4+ 48. Kb1 Qxc5 49. Qh2+ Qd6 1/2-1/2

[Event "XLI Gold Cup"]
[Site "Merano - Meran ITA"]
[Date "2013.04.20"]
[Round "2"]
[White "Opitz, Christian"]
[Black "Fleischer, Frank"]
[Result "1/2-1/2"]
[WhiteElo "2029"]
[BlackElo "2212"]
[PlyCount "58"]
[EventDate "2013.04.19"]

1. e4 e6 2. d4 d5 3. e5 c5 4. Qg4 cxd4 5. Nf3 Nc6 6. Bd3 Qc7 7. Bf4 Nb4 8. O-O
Nxd3 9. cxd3 Qb6 10. Nbd2 Ne7 11. Nb3 Nc6 12. Bd2 g6 13. Rac1 Bg7 14. Rfe1 O-O
15. h4 Qb5 16. Nbxd4 Nxd4 17. Qxd4 Bd7 18. Rc5 Qb6 19. Rec1 Rfc8 20. Rxc8+ Rxc8
21. Rxc8+ Bxc8 22. Qxb6 axb6 23. d4 Bd7 24. Bg5 Bf8 25. Bd8 b5 26. Kf1 Bh6 27.
Ng5 Bxg5 28. hxg5 Kf8 29. b4 Ke8 1/2-1/2

[Event "XLI Gold Cup"]
[Site "Merano - Meran ITA"]
[Date "2013.04.20"]
[Round "2"]
[White "Wempe, Juergen"]
[Black "Gerhards, Walter"]
[Result "1-0"]
[WhiteElo "2148"]
[BlackElo "1963"]
[PlyCount "73"]
[EventDate "2013.04.19"]

1. e4 e5 2. Nf3 Nc6 3. Bb5 Nf6 4. O-O Be7 5. Bxc6 dxc6 6. Nxe5 Qd4 7. Nf3 Qxe4
8. Re1 Qd5 9. b3 Be6 10. d4 O-O-O 11. c4 Qh5 12. Re5 Qg6 13. Rg5 Qh6 14. Be3
Nd7 15. Ra5 Qg6 16. Rxa7 Bh3 17. Ra8+ Nb8 18. Qf1 Bf6 19. Nc3 Rhe8 20. Rd1 h5
21. Kh1 Bg4 22. Ne2 h4 23. h3 Bf5 24. d5 Rxe3 25. fxe3 cxd5 26. cxd5 Be4 27.
Nf4 Qf5 28. d6 cxd6 29. Qc4+ Bc6 30. Qxf7 Qc2 31. Qe6+ Kc7 32. Nd5+ Bxd5 33.
Qxd5 Qc6 34. Qd2 Kd7 35. Rc1 Qe4 36. Qc2 Qxe3 37. Qc7+ 1-0

[Event "XLI Gold Cup"]
[Site "Merano - Meran ITA"]
[Date "2013.04.21"]
[Round "3"]
[White "Achenbach, Manfred"]
[Black "Kargoll, Peter"]
[Result "1-0"]
[WhiteElo "2147"]
[BlackElo "2210"]
[PlyCount "49"]
[EventDate "2013.04.19"]

1. Nf3 d5 2. g3 c6 3. Bg2 Nf6 4. d4 g6 5. O-O Bg7 6. c4 O-O 7. cxd5 cxd5 8. Nc3
Nc6 9. Ne5 Bd7 10. Bg5 h6 11. Bxf6 Bxf6 12. Nxd7 Qxd7 13. Nxd5 Bg7 14. e3 Rfd8
15. Rc1 e5 16. dxe5 Bxe5 17. Qb3 Rab8 18. Rfd1 Qe6 19. Qb5 Bg7 20. b3 Ne5 21.
Qb4 b6 22. h3 g5 23. f4 Nd7 24. Qe7 Qg6 25. Qxd8+ 1-0

[Event "XLI Gold Cup"]
[Site "Merano - Meran ITA"]
[Date "2013.04.21"]
[Round "3"]
[White "Aigner, Georg"]
[Black "Kelchner, Hans"]
[Result "1/2-1/2"]
[WhiteElo "1942"]
[BlackElo "2189"]
[PlyCount "55"]
[EventDate "2013.04.19"]

1. e4 c6 2. d4 d5 3. exd5 cxd5 4. Bd3 Nc6 5. Be3 Qb6 6. Nd2 Nf6 7. Ngf3 Ng4 8.
Qe2 g6 9. Nb3 Bg7 10. O-O O-O 11. h3 Nxe3 12. Qxe3 Re8 13. c3 e5 14. dxe5 Qxe3
15. fxe3 Nxe5 16. Nxe5 Rxe5 17. Rae1 f5 18. Nd4 Bd7 19. Re2 a6 20. Kf2 Bf6 21.
g3 b5 22. Rd1 Rae8 23. Nf3 R5e7 24. Bc2 Bc6 25. Bb3 Rd7 26. Red2 Rde7 27. Re1
Rd7 28. Red1 1/2-1/2

[Event "XLI Gold Cup"]
[Site "Merano - Meran ITA"]
[Date "2013.04.21"]
[Round "3"]
[White "Bohnstorff, Michael"]
[Black "Schweitzer, Paul"]
[Result "1-0"]
[WhiteElo "2057"]
[BlackElo "1724"]
[PlyCount "49"]
[EventDate "2013.04.19"]

1. d4 d5 2. Nf3 g6 3. Bf4 a6 4. e3 c6 5. c4 e6 6. Nc3 Bb4 7. Qb3 Bxc3+ 8. Qxc3
Nd7 9. Bd3 f6 10. O-O g5 11. Bg3 Ne7 12. c5 b5 13. Bd6 a5 14. Qc2 Nf8 15. e4
Nfg6 16. exd5 exd5 17. Rae1 Kf7 18. h4 g4 19. h5 gxf3 20. hxg6+ Nxg6 21. Bxg6+
hxg6 22. Re7+ Qxe7 23. Bxe7 Kxe7 24. Qxg6 Be6 25. Qg7+ 1-0

[Event "XLI Gold Cup"]
[Site "Merano - Meran ITA"]
[Date "2013.04.21"]
[Round "3"]
[White "Fleischer, Frank"]
[Black "Harsch, Martin"]
[Result "1-0"]
[WhiteElo "2212"]
[BlackElo "1993"]
[PlyCount "81"]
[EventDate "2013.04.19"]

1. e4 c6 2. d4 d5 3. Nd2 dxe4 4. Nxe4 Nd7 5. Nf3 Ngf6 6. Nxf6+ Nxf6 7. c3 Bf5
8. Ne5 Nd7 9. Nc4 e6 10. Bf4 Nb6 11. Ne3 Bg6 12. Qb3 Bd6 13. Bxd6 Qxd6 14. Be2
O-O 15. O-O Qc7 16. Bf3 Rad8 17. Rad1 Rfe8 18. Ng4 Bh5 19. Nh6+ gxh6 20. Bxh5
Rd5 21. Bf3 Rg5 22. Rd3 Kh8 23. Qd1 Reg8 24. Re1 Qf4 25. g3 Nc4 26. Qe2 Nd6 27.
Bg2 Qf6 28. Rf3 Qe7 29. Rf4 Qd7 30. h4 R5g7 31. Kh2 Nf5 32. Bh3 Ne7 33. Qh5 Nd5
34. Rf3 f5 35. Qxh6 Rg6 36. Qd2 Nf6 37. Qf4 Qd5 38. b3 b5 39. Rfe3 Ne4 40. Bg2
Rg4 41. Bxe4 1-0

[Event "XLI Gold Cup"]
[Site "Merano - Meran ITA"]
[Date "2013.04.21"]
[Round "3"]
[White "Krieger, Hermann"]
[Black "Opitz, Christian"]
[Result "1/2-1/2"]
[WhiteElo "2263"]
[BlackElo "2029"]
[PlyCount "65"]
[EventDate "2013.04.19"]

1. e4 e5 2. Nf3 Nc6 3. Bc4 Bc5 4. c3 Nf6 5. d3 h6 6. O-O d6 7. Bb3 O-O 8. Re1
Bb6 9. h3 Be6 10. Nbd2 Bxb3 11. Nxb3 Re8 12. Nh4 d5 13. Qf3 Nxe4 14. dxe4 Qxh4
15. exd5 e4 16. Qf4 Qxf4 17. Bxf4 Ne5 18. Bxe5 Rxe5 19. c4 a6 20. Rad1 Rd8 21.
Kf1 f6 22. Re2 Kf7 23. Ke1 Ke7 24. Nd4 c5 25. Nc2 Ba5+ 26. Kf1 b5 27. b3 Kd6
28. g4 g6 29. Kg2 Rde8 30. Kg3 Bc3 31. Ne3 Bd4 32. Nc2 Bc3 33. Ne3 1/2-1/2

[Event "XLI Gold Cup"]
[Site "Merano - Meran ITA"]
[Date "2013.04.21"]
[Round "3"]
[White "Popa, Claudiu"]
[Black "Herbold, Manfred"]
[Result "1/2-1/2"]
[WhiteElo "2149"]
[BlackElo "2084"]
[PlyCount "44"]
[EventDate "2013.04.19"]

1. e4 c5 2. c3 d5 3. exd5 Qxd5 4. d4 cxd4 5. cxd4 e5 6. Nf3 exd4 7. Qxd4 Qxd4
8. Nxd4 Nf6 9. Bb5+ Bd7 10. O-O Bc5 11. Re1+ Kd8 12. Bxd7 Nbxd7 13. Nb3 Re8 14.
Rxe8+ Kxe8 15. Nc3 a6 16. Nxc5 Nxc5 17. Bg5 Ncd7 18. Re1+ Kf8 19. f3 Rc8 20.
Kf2 b5 21. Re2 Rc4 22. Rd2 h6 1/2-1/2

[Event "XLI Gold Cup"]
[Site "Merano - Meran ITA"]
[Date "2013.04.21"]
[Round "3"]
[White "Spanton, Timothy R."]
[Black "Wempe, Juergen"]
[Result "1/2-1/2"]
[WhiteElo "2022"]
[BlackElo "2148"]
[PlyCount "34"]
[EventDate "2013.04.19"]

1. c4 c5 2. g3 g6 3. Bg2 Bg7 4. Nc3 Nc6 5. e3 d6 6. Nge2 Bf5 7. e4 Bd7 8. O-O
Nf6 9. d3 Qc8 10. Rb1 Bh3 11. Nf4 Bxg2 12. Kxg2 h5 13. h4 Ng4 14. f3 Nge5 15.
a3 Nd4 16. Be3 Nec6 17. Nce2 Qd7 1/2-1/2

[Event "XLI Gold Cup"]
[Site "Merano - Meran ITA"]
[Date "2013.04.22"]
[Round "4"]
[White "Gerhards, Walter"]
[Black "Krieger, Hermann"]
[Result "0-1"]
[WhiteElo "1963"]
[BlackElo "2263"]
[PlyCount "74"]
[EventDate "2013.04.19"]

1. e4 c5 2. Nc3 Nc6 3. Nf3 g6 4. d4 cxd4 5. Nxd4 Bg7 6. Be3 Nf6 7. Be2 O-O 8.
O-O d6 9. Qd2 Ng4 10. Bxg4 Bxg4 11. f3 Bd7 12. Nce2 Rc8 13. Rad1 Qc7 14. Nxc6
bxc6 15. c4 Rfd8 16. b3 Be8 17. Bd4 e5 18. Be3 f5 19. Bh6 Bf6 20. Bg5 Qe7 21.
Bxf6 Qxf6 22. Nc3 Rd7 23. Qf2 Bf7 24. f4 exf4 25. Ne2 fxe4 26. Nxf4 Re8 27. Qg3
Qe5 28. Qg4 Ree7 29. Rfe1 Qf5 30. Qg3 d5 31. Ne2 dxc4 32. Kh1 cxb3 33. axb3 Rd3
34. Qb8+ Re8 35. Qxa7 Bxb3 36. Nd4 Qf6 37. Rf1 Qxd4 0-1

[Event "XLI Gold Cup"]
[Site "Merano - Meran ITA"]
[Date "2013.04.22"]
[Round "4"]
[White "Kargoll, Peter"]
[Black "Spanton, Timothy R."]
[Result "0-1"]
[WhiteElo "2210"]
[BlackElo "2022"]
[PlyCount "96"]
[EventDate "2013.04.19"]

1. d4 d5 2. Nf3 Nc6 3. Bf4 Bg4 4. e3 e6 5. c3 Bd6 6. Bg3 Nge7 7. Nbd2 e5 8.
dxe5 Nxe5 9. Qa4+ Bd7 10. Qb3 Nxf3+ 11. Nxf3 Bxg3 12. hxg3 Rb8 13. Qc2 Bf5 14.
Qa4+ Qd7 15. Qd1 O-O 16. Qd4 Rfe8 17. Bd3 Nc6 18. Bxf5 Qxf5 19. Qd2 Rbd8 20.
Kf1 Rd6 21. Rd1 h6 22. Qd3 Qf6 23. Rh4 g5 24. Ra4 h5 25. Nd4 Ne5 26. Qe2 Ng4
27. Kg1 c5 28. Nb5 Rdd8 29. b3 Kg7 30. Qf3 Qb6 31. Na3 Qe6 32. Nc2 Qg6 33. Qe2
Qf6 34. Qd2 Rh8 35. f3 Ne5 36. Ra3 h4 37. gxh4 Rxh4 38. Ra4 Rh1+ 39. Kxh1 Rh8+
40. Kg1 Nxf3+ 41. gxf3 Qxf3 42. Qg2 Qxd1+ 43. Kf2 Qxc2+ 44. Kg3 Qxc3 45. Qg1 d4
46. Rc4 Qxe3+ 47. Qxe3 dxe3 48. Rxc5 Re8 0-1

[Event "XLI Gold Cup"]
[Site "Merano - Meran ITA"]
[Date "2013.04.22"]
[Round "4"]
[White "Opitz, Christian"]
[Black "Popa, Claudiu"]
[Result "0-1"]
[WhiteElo "2029"]
[BlackElo "2149"]
[PlyCount "58"]
[EventDate "2013.04.19"]

1. e4 e5 2. Nf3 Nc6 3. Bc4 Nf6 4. d3 Be7 5. Nc3 d6 6. h3 Na5 7. Bb3 Nxb3 8.
axb3 O-O 9. O-O a6 10. d4 exd4 11. Nxd4 d5 12. exd5 Nxd5 13. Nf3 Nb4 14. Bd2
Bf5 15. Rc1 Qd6 16. Be3 Qxd1 17. Rfxd1 Nxc2 18. Bf4 Nb4 19. g4 Be6 20. Nd4 c6
21. Nxe6 fxe6 22. Bd6 Bxd6 23. Rxd6 Rae8 24. Ne4 Re7 25. Kg2 h6 26. Kg3 Nd5 27.
Re1 Ref7 28. Rxe6 Rf3+ 29. Kg2 Rxb3 0-1

[Event "XLI Gold Cup"]
[Site "Merano - Meran ITA"]
[Date "2013.04.22"]
[Round "4"]
[White "Wempe, Juergen"]
[Black "Bohnstorff, Michael"]
[Result "1-0"]
[WhiteElo "2148"]
[BlackElo "2057"]
[PlyCount "77"]
[EventDate "2013.04.19"]

1. e4 d6 2. d4 Nd7 3. f4 g6 4. Nc3 Bg7 5. Be3 e5 6. fxe5 dxe5 7. Nf3 c6 8. d5
cxd5 9. exd5 Ne7 10. Bd3 O-O 11. Qd2 Nb6 12. Bc5 Re8 13. O-O-O Nf5 14. Qf2 Nd6
15. Bxd6 Qxd6 16. Ng5 Qe7 17. h4 Bg4 18. d6 Qf8 19. Rdf1 f6 20. Qg3 f5 21. Bb5
Qxd6 22. Bxe8 Rxe8 23. Nb5 Qb4 24. Qb3+ Qxb3 25. axb3 h6 26. Nf3 e4 27. Re1 a6
28. Nc3 Rc8 29. Nh2 h5 30. Nxg4 hxg4 31. h5 Bh6+ 32. Kb1 Kg7 33. Rd1 Rc6 34. g3
gxh5 35. Rxh5 Kg6 36. Rdh1 Bg7 37. Ne2 Be5 38. Rh6+ Kg7 39. Rh7+ 1-0

[Event "XLI Gold Cup"]
[Site "Merano - Meran ITA"]
[Date "2013.04.23"]
[Round "5"]
[White "Achenbach, Manfred"]
[Black "Herbold, Manfred"]
[Result "0-1"]
[WhiteElo "2147"]
[BlackElo "2084"]
[PlyCount "86"]
[EventDate "2013.04.19"]

1. Nf3 c5 2. c4 Nc6 3. g3 g6 4. Bg2 Bg7 5. Nc3 e6 6. d3 Nge7 7. O-O d6 8. Bd2
O-O 9. Rb1 a6 10. a3 Rb8 11. b4 cxb4 12. axb4 b5 13. cxb5 axb5 14. Qc1 e5 15.
Bh6 Bxh6 16. Qxh6 Nf5 17. Qd2 Kg7 18. Rfc1 Bd7 19. e3 Nfe7 20. d4 Bg4 21. h3
Bxf3 22. Bxf3 exd4 23. exd4 Qb6 24. Ne2 Rbc8 25. Rd1 Rfe8 26. Kg2 Nf5 27. Bg4
Nce7 28. Nf4 Rc4 29. d5 Qd4 30. Be2 Qe4+ 31. Bf3 Nh4+ 32. gxh4 Qxf4 33. Qxf4
Rxf4 34. Re1 Kf8 35. h5 Rc8 36. hxg6 Nxg6 37. Re3 Rcc4 38. Ra1 Nh4+ 39. Kg3
Nf5+ 40. Kg2 Nxe3+ 41. fxe3 Rc2+ 42. Kg3 Rxb4 43. Ra7 Rc3 0-1

[Event "XLI Gold Cup"]
[Site "Merano - Meran ITA"]
[Date "2013.04.23"]
[Round "5"]
[White "Bauer, Dieter"]
[Black "Kargoll, Peter"]
[Result "0-1"]
[WhiteElo "1778"]
[BlackElo "2210"]
[PlyCount "42"]
[EventDate "2013.04.19"]

1. Nf3 d5 2. c4 e6 3. b3 c5 4. a3 Nc6 5. g3 Nf6 6. Bg2 Be7 7. e3 dxc4 8. bxc4
O-O 9. O-O Qd3 10. Bb2 Qxc4 11. d3 Qa6 12. Ne1 Bd7 13. Nc3 Na5 14. f4 c4 15. g4
Qb6 16. Qe2 cxd3 17. Nxd3 Nc4 18. Bc1 Bc6 19. g5 Bxg2 20. Kxg2 Nd5 21. Rb1 Nxc3
0-1

[Event "XLI Gold Cup"]
[Site "Merano - Meran ITA"]
[Date "2013.04.23"]
[Round "5"]
[White "Bohnstorff, Michael"]
[Black "Boldt, Heinrich"]
[Result "1-0"]
[WhiteElo "2057"]
[BlackElo "1929"]
[PlyCount "40"]
[EventDate "2013.04.19"]

1. d4 d5 2. Nf3 Nf6 3. c3 Bf5 4. Qb3 Qc8 5. Bf4 c6 6. e3 e6 7. c4 Nbd7 8. Nc3
Ne4 9. Rc1 Ndf6 10. Ne5 g5 11. Bg3 Nxg3 12. hxg3 Bd6 13. Be2 Qc7 14. cxd5 exd5
15. Rh6 Qe7 16. Kd2 Kf8 17. g4 Be4 18. Rxf6 Bxe5 19. dxe5 Qxe5 20. Nxe4 Qxe4
1-0

[Event "XLI Gold Cup"]
[Site "Merano - Meran ITA"]
[Date "2013.04.23"]
[Round "5"]
[White "Kearsley, Raymond J."]
[Black "Koch, Dieter"]
[Result "0-1"]
[WhiteElo "1764"]
[BlackElo "1817"]
[PlyCount "52"]
[EventDate "2013.04.19"]

1. e4 e5 2. Nf3 Qe7 3. Nc3 c6 4. Bc4 d6 5. h3 Nd7 6. O-O h6 7. d4 g5 8. dxe5
dxe5 9. Be3 Ngf6 10. Bxg5 hxg5 11. Nxg5 Nd5 12. exd5 Qxg5 13. f4 Bc5+ 14. Kh2
exf4 15. Ne4 Qh4 16. dxc6 bxc6 17. b4 Be7 18. Qd2 Ne5 19. Nd6+ Bxd6 20. Qxd6 f6
21. Rae1 Bxh3 22. Kg1 Bd7 23. Qd4 Qh2+ 24. Kf2 Qg3+ 25. Ke2 Bg4+ 26. Kd2 Rd8
0-1

[Event "XLI Gold Cup"]
[Site "Merano - Meran ITA"]
[Date "2013.04.23"]
[Round "5"]
[White "Krieger, Hermann"]
[Black "Wempe, Juergen"]
[Result "1-0"]
[WhiteElo "2263"]
[BlackElo "2148"]
[PlyCount "45"]
[EventDate "2013.04.19"]

1. e4 c6 2. d4 g6 3. Nc3 d5 4. f3 a6 5. Be3 Bg7 6. Qd2 Be6 7. Nge2 b5 8. Nf4
Qd7 9. Nxe6 Qxe6 10. Bd3 Nf6 11. e5 Nfd7 12. O-O Nb6 13. b3 f5 14. exf6 exf6
15. Rfe1 O-O 16. Re2 Nc8 17. a4 b4 18. Ne4 f5 19. Nc5 Qf7 20. Qxb4 a5 21. Qd2
Re8 22. Rae1 Nd6 23. Bf2 1-0

[Event "XLI Gold Cup"]
[Site "Merano - Meran ITA"]
[Date "2013.04.23"]
[Round "5"]
[White "Kumeth, Hartmut"]
[Black "Braun, Eric"]
[Result "0-1"]
[WhiteElo "1793"]
[BlackElo "1835"]
[PlyCount "94"]
[EventDate "2013.04.19"]

1. c4 e6 2. d4 f5 3. Nc3 Nf6 4. Bg5 d5 5. e3 c6 6. Nf3 Nbd7 7. Bf4 Ne4 8. cxd5
exd5 9. Bd3 Ndf6 10. Bxe4 fxe4 11. Ne5 Bd6 12. h3 Qe7 13. Qb3 O-O 14. g4 Kh8
15. O-O-O Be6 16. Ne2 Rac8 17. Rdg1 c5 18. Kb1 c4 19. Qc2 b5 20. Ng3 c3 21. b3
a5 22. Kc1 Ba3+ 23. Kd1 Bb2 24. Ke2 Qa3 25. g5 Qxa2 26. Ng6+ hxg6 27. gxf6 gxf6
28. Bd6 Rf7 29. Ra1 Qxa1 30. Rxa1 Bxa1 31. Bc5 Bb2 32. f3 Rh7 33. fxe4 Rxh3 34.
Kf3 Kg7 35. exd5 Bxd5+ 36. e4 Be6 37. Qg2 Rch8 38. d5 Bd7 39. Bd4 R8h4 40. Qg1
Rg4 41. Bxf6+ Kxf6 42. Qb6+ Kg7 43. Qd6 Rhxg3+ 44. Kf2 Rg2+ 45. Kf1 c2 46. Qe7+
Kh6 47. Qf8+ Bg7 0-1

[Event "XLI Gold Cup"]
[Site "Merano - Meran ITA"]
[Date "2013.04.23"]
[Round "5"]
[White "Reinke, Kurt"]
[Black "Popa, Claudiu"]
[Result "0-1"]
[WhiteElo "1912"]
[BlackElo "2149"]
[PlyCount "88"]
[EventDate "2013.04.19"]

1. d4 d5 2. c4 dxc4 3. Nf3 Nf6 4. e3 e6 5. Bxc4 a6 6. O-O c5 7. b3 Nbd7 8. Bb2
Be7 9. e4 b5 10. Bd3 cxd4 11. e5 Nd5 12. Nxd4 Bb7 13. Qg4 g6 14. Nd2 Qb6 15.
N2f3 Nc5 16. Bc2 h5 17. Qg3 Nb4 18. Bxg6 Rg8 19. Bxf7+ Kxf7 20. Qf4+ Ke8 21.
Qh6 Nbd3 22. b4 Nxb2 23. bxc5 Bxc5 24. Qxh5+ Kd7 25. Qh7+ Be7 26. Qc2 Qxd4 27.
Rfd1 Qxd1+ 28. Rxd1+ Nxd1 29. Qxd1+ Bd5 30. a4 Raf8 31. Kf1 b4 32. Qd4 Rc8 33.
g3 Bc5 34. Qd3 Rgf8 35. Nd4 Bxd4 36. Qxd4 b3 37. Qb6 Rc6 38. Qb4 Rfc8 39. f3 b2
40. Kg2 Ba2 41. Qd4+ Ke8 42. Qh4 b1=Q 43. Qh8+ Kd7 44. Qg7+ Kd8 0-1

[Event "XLI Gold Cup"]
[Site "Merano - Meran ITA"]
[Date "2013.04.23"]
[Round "5"]
[White "Segelken, Peter"]
[Black "Aufmwasser, Guenter"]
[Result "1/2-1/2"]
[WhiteElo "1791"]
[BlackElo "1754"]
[PlyCount "74"]
[EventDate "2013.04.19"]

1. e4 e5 2. Nf3 d6 3. Bc4 Be6 4. Bxe6 fxe6 5. d4 Be7 6. dxe5 Nc6 7. exd6 Qxd6
8. Qxd6 cxd6 9. a3 h6 10. Bd2 Nf6 11. Nc3 O-O-O 12. h3 g5 13. g4 Rhf8 14. Nh2
Nd7 15. Rf1 Nd4 16. O-O-O Nf3 17. Nxf3 Rxf3 18. Nb5 Nc5 19. e5 a6 20. Nxd6+
Bxd6 21. exd6 Ne4 22. Be3 Rxd6 23. Rxd6 Nxd6 24. h4 Ne4 25. hxg5 hxg5 26. Bb6
Kd7 27. a4 Kc6 28. a5 Nc5 29. b3 Rf4 30. Re1 Rxg4 31. Bxc5 Kxc5 32. Rxe6 Rf4
33. Re5+ Kb4 34. Rxg5 Rxf2 35. Kb2 Rh2 36. Rg7 Kxa5 37. Rxb7 Rxc2+ 1/2-1/2